000 00452nam a2200169Ia 4500
008 230917s9999||||xx |||||||||||||| ||und||
020 _cRS 1495.00
040 _e5002279
_aMAIN
041 _aEnglish
082 _a327.51 M296C
100 _aMallick, P K
245 0 _aChina in the cyber domain
260 _aNew Delhi
_bPrints Publications
_c2022
300 _axxi, 418 p.
500 _a4774 14/12/2022 RK22/2503 28/12/2022 Main Budget
942 _cBK
999 _c7041
_d7041